| 000 | 01022nam a22001937a 4500 | ||
|---|---|---|---|
| 999 |
_c59245 _d59245 |
||
| 003 | Ge_BSU | ||
| 005 | 20221223111701.0 | ||
| 008 | 221223s1969ge xxu||||| |||| 00| 0 geo d | ||
| 041 | _ageo | ||
| 080 | _a634(479.22) ს-32 | ||
| 100 |
_aბადრიშვილი, გ., ავტორი. _916541 |
||
| 245 |
_aსაქართველოს მეხილეობა _b[ტ. 1] / _c გ. ბადრიშვილი და სხვა ; რედ. პ. კაჭარავა ; მთ. რედ. პროფ. ნ. ხომიზურაშვილი. |
||
| 264 |
_aთბილისი : _b მეცნიერება, _c1969. |
||
| 300 |
_a578 გვ. : _bილ., 21 ფ. ილ. _c29 სმ. |
||
| 653 | _aსაქართველოს მეხილეობა | ||
| 700 |
_aკაჭარავა, პ _eრედაქტორი _916542 |
||
| 700 |
_a ხომიზურაშვილი, ნ _eმთავარი რედაქტორი _916543 |
||
| 942 |
_2udc _cBK |
||